Bridging the gender gap (Record no. 82879)
[ view plain ]
| 000 -LEADER | |
|---|---|
| fixed length control field | 00942cab a22001935a 4500 |
| 001 - CONTROL NUMBER | |
| control field | L152013 |
| 008 - FIXED-LENGTH DATA ELEMENTS--GENERAL INFORMATION | |
| fixed length control field | 110121e2008 xxk 000 0 eng d |
| 035 ## - SYSTEM CONTROL NUMBER | |
| System control number | (Sirsi) u152013 |
| 041 0# - LANGUAGE CODE | |
| Language code of text/sound track or separate title | eng |
| 100 1# - MAIN ENTRY--PERSONAL NAME | |
| Personal name | Pratt. A |
| 245 00 - TITLE STATEMENT | |
| Title | Bridging the gender gap |
| Remainder of title | a shift in attitudes is helping women make a greater impact in the property profession |
| 260 ## - PUBLICATION, DISTRIBUTION, ETC. | |
| Date of publication, distribution, etc. | 2008 |
| 490 ## - SERIES STATEMENT | |
| Series statement | RICS Business |
| Volume/sequential designation | March 2008, 18-21(4) |
| 520 ## - SUMMARY, ETC. | |
| Summary, etc. | Just 15% of practising RICS members are female and although the number of female students is on the increase, the Institution recognises they have a long way to go to match other sectors such as medicine where the male to female ratio is near 50:50. Part of the problem seems to be connected with the image of construction that is presented to us at an early age. |
| 590 ## - LOCAL NOTE (RLIN) | |
| Local note | ka |
| 651 #4 - SUBJECT ADDED ENTRY--GEOGRAPHIC NAME | |
| Geographic name | United Kingdom |
| Chronological subdivision | |
| 690 ## - LOCAL SUBJECT ADDED ENTRY--TOPICAL TERM (OCLC, RLIN) | |
| Topical term or geographic name as entry element | MANAGEMENT-BUSINESS MANAGEMENT-DISCRIMINATION-GENDER DISCRIMINATION |
| 942 ## - ADDED ENTRY ELEMENTS (KOHA) | |
| Suppress in OPAC | 0 |
| Withdrawn status | Lost status | Source of classification or shelving scheme | Damaged status | Not for loan | Home library | Current library | Shelving location | Date acquired | Total Checkouts | Full call number | Barcode | Date last seen | Copy number | Price effective from | Koha item type |
|---|---|---|---|---|---|---|---|---|---|---|---|---|---|---|---|
| Dewey Decimal Classification | London | London | Journal article | 21/01/2011 | L152013 | 152013-1001 | 06/08/2019 | 1 | 06/08/2019 | Journal article |